Nontariff distortions of trade; a statement on national policy,
Saved in:
| Corporate Author: | |
|---|---|
| Format: | Book |
| Language: | English |
| Published: |
[New York]
1969.
|
| Subjects: | |
| Tags: |
Add Tag
No Tags, Be the first to tag this record!
|
| LEADER | 00815cam a2200277 4500 | ||
|---|---|---|---|
| 001 | 001039357-9 | ||
| 005 | 20160408192009.0 | ||
| 008 | 691027s1969 nyu 00010 eng | ||
| 010 | |a 72094115 | ||
| 035 | 0 | |a ocm00027428 | |
| 035 | 1 | |a MAHL85B4135 | |
| 040 | |a DLC |c DLC |d m.c. | ||
| 043 | |a n-us--- | ||
| 050 | 0 | |a HF1713 |b .C62 | |
| 060 | 0 | 0 | |a W6 |b P3 v.7388 |
| 082 | |a 382/.71 | ||
| 110 | 2 | |a Committee for Economic Development. | |
| 245 | 1 | 0 | |a Nontariff distortions of trade; |b a statement on national policy, |c by the Research and Policy Committee of the Committee for Economic Development. |
| 260 | 1 | |a [New York] |c 1969. | |
| 300 | |a 39 p. |c 28 cm. | ||
| 655 | 2 | |a Popular Works. | |
| 650 | 2 | |a Cardiology. | |
| 650 | 0 | |a Non-tariff trade barriers. | |
| 650 | 0 | |a Commercial policy. | |
| 988 | |a 20020608 | ||
| 906 | |0 DLC | ||


